00565nam a2200169Ia 4500003000900000008004100009020001800050040001600068080001500084100002400099245014400123260003900267300001700306650004100323650001900364650001200383IN-BaIIA211028s9999 xx 000 0 eng d a0-306-17181-3 cIIA Library a533bMIK-1 aMikhailovskii, A. B 0aTheory of plasma instabilitiesbvol. 1, instabilities of a homogeneous plasmacA. B. Mikhailovskii  aNew YorkbConsultants Bureauc1974 axviii, 289p. aAstronomy and astrophysics thesaurus aPlasma physics aPlasmas